000 00669nam a2200217Ia 4500
005 20241129104128.0
008 241129s9999||||xx |||||||||||||| ||und||
020 _a9781788215114
037 _aTextual
040 _aRTL
_beng
_cRTL
041 _aeng
_2eng
084 _aU:(G:55) R3
_qRTL
100 _aTurner Ii B.L.
_9724899
245 0 _aAnthropocene:101 Questions and answers for understanding the human impact on the global environment
_cTurner Ii B.L.
260 _aUK
_bAngela Publishing
_c2023
300 _axvi,382p.
365 _aINR
_b3581.2
650 _aAnthropocene
_9724900
942 _cTB
_hU:(G:55) R3
999 _c1224544
_d1224544